| Поле | Название | Значение |
| |
Тип записи |
a |
| |
Библиографический уровень |
m |
| 001 |
Контрольный номер |
RU\infra-m\znanium\bibl\2147580 |
| 005 |
Дата корректировки |
20260429142326.2 |
| 008 |
Кодируемые данные |
260129s2024 RU g rus u |
| 020 |
Индекс ISBN |
__ |
| a |
ISBN |
978-5-00091-641-4 |
| 020 |
Индекс ISBN |
__ |
| a |
ISBN |
978-5-16-104823-8 (электр. издание) |
| 020 |
Индекс ISBN |
__ |
| a |
ISBN |
978-5-16-014543-3 (ISBN соиздателя) |
| 040 |
Источник каталогиз. |
__ |
| a |
Служба первич. каталог. |
Общество с ограниченной ответственностью «ЗНАНИУМ» |
| 041 |
Код языка издания |
__ |
| a |
Код языка текста |
rus |
| 044 |
Код страны публикации |
__ |
| a |
Код страны публикации |
RU |
| 080 |
Индекс УДК |
__ |
| a |
Индекс УДК |
621.81(075.8) |
| 084 |
Индекс другой классификации/Индекс ББК |
__ |
| 2 |
Источник индекса |
rubbk |
| a |
Индекс другой классификации/Индекс ББК |
34.44я73 |
| 084 |
Индекс другой классификации/Индекс ББК |
__ |
| 2 |
Источник индекса |
okso |
| a |
Индекс другой классификации/Индекс ББК |
13.03.03 |
| 084 |
Индекс другой классификации/Индекс ББК |
__ |
| 2 |
Источник индекса |
okso |
| a |
Индекс другой классификации/Индекс ББК |
15.03.03 |
| 084 |
Индекс другой классификации/Индекс ББК |
__ |
| 2 |
Источник индекса |
okso |
| a |
Индекс другой классификации/Индекс ББК |
15.03.05 |
| 084 |
Индекс другой классификации/Индекс ББК |
__ |
| 2 |
Источник индекса |
okso |
| a |
Индекс другой классификации/Индекс ББК |
23.03.02 |
| 084 |
Индекс другой классификации/Индекс ББК |
__ |
| 2 |
Источник индекса |
okso |
| a |
Индекс другой классификации/Индекс ББК |
23.03.03 |
| 100 |
Автор |
__ |
| a |
Автор |
Олофинская В.П. |
| q |
Полное имя |
Олофинская Валентина Петровна |
| u |
Дополнение |
Колледж московского транспорта |
| 245 |
Заглавие |
__ |
| a |
Заглавие |
Детали машин. Основы теории, расчета и конструирования |
| b |
Продолж. заглавия |
Учебное пособие |
| c |
Ответственность |
Колледж московского транспорта |
| 250 |
Сведения об издании |
__ |
| a |
Основные сведения об издании |
1 |
| 260 |
Выходные данные |
__ |
| a |
Место издания |
Москва |
| b |
Издательство |
Издательство "ФОРУМ" |
| c |
Дата издания |
2024 |
| 300 |
Физическое описание |
__ |
| a |
Объем |
72 с. |
| 440 |
Серия |
__ |
| a |
Серия |
Высшее образование |
| 520 |
Аннотация |
__ |
| a |
Аннотация |
В учебном пособии изложены основы теории расчета и конструирования деталей и сборочных единиц машин и механизмов общего назначения. Предназначено студентам технических специальностей вузов. Пособие может быть полезно студентам образовательных учреждений среднего профессионального образования при самостоятельном изучении курса и для подготовки к экзаменам. |
| 521 |
Примеч. о цел. назн. |
__ |
| a |
Примеч. о целев. назн. |
ВО - Бакалавриат |
| 650 |
Тематические рубрики |
__ |
| a |
Основная рубрика |
Промышленность. Энергетика |
| x |
Основная подрубрика |
Машиностроительные материалы и изделия |
| 655 |
Указ. предметных рубрик (устаревшее) |
__ |
| a |
Жанр/ форма (устаревшее) |
Учебное пособие |
| 856 |
Электронный адрес документа |
4_ |
| a |
Имя сервера/домена |
znanium.ru |
| m |
Помощь |
ebs_support@infra-m.ru |
| n |
Местонахождение сервера |
НИЦ ИНФРА-М |
| u |
URL |
https://znanium.ru/catalog/document?id=446491 |
| 856 |
Электронный адрес документа |
48 |
| a |
Имя сервера/домена |
znanium.ru |
| d |
Путь |
/cover/2147 |
| f |
Электронное имя |
2147580.jpg |
| q |
Тип электронного формата |
image/jpeg |
| u |
URL |
https://znanium.ru/cover/2147/2147580.jpg |
| 911 |
|
__ |
| u |
|
0030=https://znanium.ru/catalog/document?id=446491 |